000 01014nam a2200265Ia 4500
003 OSt
005 20221005110839.0
006 a|||||r|||| 00| 0
007 ta
008 221004b |||||||| |||| 00| 0 hin d
020 _a9788126723003 (hbk)
_c300
024 _a21852
037 _bBR8454, 23/03/2015, Rajkamal Prakashan Pvt. Ltd.
_cTextual
040 _aCRL
_cCRL
_bhin
041 _2hin
_ahin
082 _aU8.9368, 152Q2
100 _aसनाढ्य, तोताराम
245 0 _aभूतलेन की कथा
_b गिरमिट के अनुभव
246 _aBhūtalen kī kathā: giramiṭ ke anubhava
260 _aनई दिल्ली
_bराजकमल प्रकाशन भारत
_c2012
300 _a143पृ0
_ccm.
650 _aभारतीय-भूगोल
942 _hU8.9368, 152Q2
_cTEXL
_2cc
999 _c1020054
_d1020054